Egy fesztivál a közdiplomácia szolgálatában – A Tomorrowland országimázs és identitás formáló szerepe

Bibliográfiai részletek
Szerző: Farkas Emese
További közreműködők: Krasztev Dr. Péter Lajos
Dokumentumtípus: TDK dolgozat
Kulcsszavak:Belgium
fesztivál
identitás
nemzetközi kapcsolatok
országimázs
Online Access:http://dolgozattar.uni-bge.hu/60469

MARC

LEADER 00000nta a2200000 i 4500
001 dolg60469
005 20260416073744.0
008 260416suuuu hu o 000 hun d
040 |a BGE Dolgozattár Repozitórium  |b hun 
041 |a hu 
100 1 |a Farkas Emese 
245 1 0 |a Egy fesztivál a közdiplomácia szolgálatában – A Tomorrowland országimázs és identitás formáló szerepe  |c Farkas Emese  |h [elektronikus dokumentum] 
516 |a Students_Scientific_Association_paper 
520 3 |a A Tomorrowland elektronikus zenei fesztivál, Európa egyik legismertebb kulturális eseménye, nem csak zenei élményt kínál a fiatal generáció számára, hanem kiemelkedő eszköz a kulturális diplomáciában is. Belgiumban a rendezvény által több százezer látogató érkezik a világ minden tájáról, nemzetközi kapcsolatépítésre kínál lehetőséget, áthidalva minden vallási, nemzeti különbséget. A hazai és külföldi előadóknak esélyt teremt arra, hogy több nemzet között legyen egy közös pont, ami hozzájárul a kulturális cseréhez. A múltban is számtalan alkalommal fordult elő, hogy a zene olyan mértékű összekapcsolódást adott az emberek között, hogy akár háborús helyzetekben is véleményeket formált át. Kutatásomban a „soft power” erejét vizsgálta, azzal a céllal, hogy bemutassam a Tomorrowlandet, mint országbrandet formáló eszközt. Emberek millióit is lehet érzelmi úton befolyásolni és rávenni arra őket, hogy a bennük kialakult képet egy országról megváltoztassák. Egy szimpátián alapuló, bármilyen erőszakos véleményformálást elkerülő meggyőzés technika. Így egy államnak a színvonala olyan szinten fejlődhet a külföldiek szemében, hogy több turistát és befektetőt is képes vonzani. Fontos a soft power használata, hiszen a modern világban a technika elterjedésével a nyilvánosságban a média, tanult történelmi ellentétek miatt, negatív nézetek alakultak ki a nemzetekkel kapcsolatban. Már nem töltünk elég időt a teljeskörű tájékozottsággal, ezért sok esetben vakon követjük azt, amit a közösségi médiában, vagy a televízióban látunk és hallunk. Ezen okokból felállítottam két hipotézist, (1) a Tomorrowland hálózatépítő hatású a fiatalok körében (2) a fesztivál hozzájárul a belgák kulturális identitásának javulásához. A társadalom kulturális identitásába javulást egy sikeres esemény pozitív hatásainak beépítésével érhetünk el. A fesztivál olyan társadalmi értékek mellett áll ki, mint a környezetvédelem, segítségnyújtás, illetve a nemzetközi sokszínűség támogatása. Relevanciája, az egyre nagyobb teret hódító kulturális diplomácia kihasználása, amely képes erősíteni az országok közötti kapcsolatot, minden agresszív megnyilvánulás nélkül. A megfelelő következtetések levonása céljából kutatást végeztem. Az eredmények jól szimbolizálják, hogy a résztvevők többsége szerint sokat ad Belgium országimázsának a fesztivál, mivel egy olyan lehetőséget kínál a szórakozni vágyóknak, ahol minden nemzetiség, bőrszín és vallás szabadon megjelenhet és együtt kapcsolódhat ki. 
695 |a Belgium 
695 |a fesztivál 
695 |a identitás 
695 |a nemzetközi kapcsolatok 
695 |a országimázs 
700 1 |a Krasztev Dr. Péter Lajos  |e ths 
856 4 0 |u http://dolgozattar.uni-bge.hu/60469/1/EGY%20FESZTIV%C3%81L%20A%20K%C3%96ZDIPLOM%C3%81CIA%20SZOLG%C3%81LAT%C3%81BAN.pdf  |z Dokumentum-elérés 
856 4 0 |u http://dolgozattar.uni-bge.hu/60469/2/Farkas%20Emese-Resum%C3%A9.docx  |z Dokumentum-elérés 
856 4 0 |u http://dolgozattar.uni-bge.hu/60469/3/Nyilatkozat.pdf  |z Dokumentum-elérés 
856 4 0 |u http://dolgozattar.uni-bge.hu/60469/4/Mell%C3%A9klet.docx  |z Dokumentum-elérés 
856 4 0 |u http://dolgozattar.uni-bge.hu/60469/5/Farkas_Emese_NGK_FT.pdf  |z Dokumentum-elérés 
856 4 0 |u http://dolgozattar.uni-bge.hu/60469/6/Farkas_Emese_NGK_SJ.doc  |z Dokumentum-elérés